Vrai ou Faux - Histoire #1 - Statistiques

Statistiques générales
  • Ce quiz a été pris 43 841 fois
  • Le résultat moyen est 12 sur 18
Statistiques - réponses
Question Réponse % Correct
La poudre à canon est l'une des « 4 grandes inventions » de la Chine Vrai
85%
Les premiers humains ont côtoyé les tricératops Faux
83%
Le saxophone était un instrument majeur de la musique médiévale Faux
80%
Catherine II de Russie a imposé le français comme langue de la Cour Vrai
77%
Napoléon Ier a été pris en photo de son vivant Faux
74%
Les tomates viennent du Nouveau Monde Vrai
73%
La Californie et le Texas faisaient auparavant partie du Mexique Vrai
72%
Christophe Colomb est le premier européen à avoir posé le pied en Amérique Faux
71%
L'Irlande faisait partie de l'Empire Romain Faux
70%
Socrate est mort au combat Faux
69%
Les pièces de Molière ont en réalité été écrites par Pierre Corneille Faux
68%
La Suisse n'a jamais été en guerre Faux
62%
La Chine a combattu pendant la Seconde Guerre mondiale Vrai
60%
Bach est antérieur à Beethoven Vrai
55%
Les textes de la Grèce Antique n'avaient pas d'espace entre les mots Vrai
52%
La pyramide de Khéops est la seule Merveille du monde antique restante Vrai
51%
L'Allemagne nazie a envahi la Grèce Vrai
35%
L'Empire Inca a dominé l'Amérique du Sud pendant plus de 2 000 ans Faux
32%
Aucun quiz correspondant
Distribution des résultats
% des personnes avec chaque résultat
Percentile par nombre de réponses
Votre historique - résultats
Vous n’avez pas pris ce quiz